¿Estrategia sin contabilidad? (Registro nro. 17239)
[ vista simple ]
| 000 -LEADER | |
|---|---|
| fixed length control field | 00325 a2200109 4500 |
| 001 - CONTROL NUMBER | |
| control field | ART_2266 |
| 005 - DATE AND TIME OF LATEST TRANSACTION | |
| control field | 20260410161724.0 |
| 008 - FIXED-LENGTH DATA ELEMENTS--GENERAL INFORMATION | |
| fixed length control field | 260409a |
| 100 1# - MAIN ENTRY--PERSONAL NAME | |
| Personal name | Levy, Alberto R. |
| 245 10 - TITLE STATEMENT | |
| Title | ¿Estrategia sin contabilidad? |
| 773 0# - HOST ITEM ENTRY | |
| Title | Administración de empresas |
| Related parts | - Año XVII, Nº 200 (nov. 1986) |
| Record control number | REV2036 |
No hay ítems disponibles.